Impact behaviour of fibre-reinforced composite materials and structures / (Record no. 825)
[ view plain ]
| 000 -LEADER | |
|---|---|
| fixed length control field | 00460 a2200121 4500 |
| 020 ## - INTERNATIONAL STANDARD BOOK NUMBER | |
| International Standard Book Number | 084930847X (CRC) |
| 020 ## - INTERNATIONAL STANDARD BOOK NUMBER | |
| International Standard Book Number | 1855734230 (Woodhead) |
| 082 ## - DEWEY DECIMAL CLASSIFICATION NUMBER | |
| Classification number | 620.1185 REI |
| 100 ## - MAIN ENTRY--PERSONAL NAME | |
| Personal name | Reid,S.R. |
| 245 ## - TITLE STATEMENT | |
| Title | Impact behaviour of fibre-reinforced composite materials and structures / |
| Statement of responsibility, etc. | edited by S R Reid and G Zhou. |
| 260 ## - PUBLICATION, DISTRIBUTION, ETC. | |
| Place of publication, distribution, etc. | Boca Raton : |
| Name of publisher, distributor, etc. | CRC Press ; |
| Place of publication, distribution, etc. | Cambridge, England : |
| Name of publisher, distributor, etc. | Woodhead Pub., |
| Date of publication, distribution, etc. | 2000. |
| 300 ## - PHYSICAL DESCRIPTION | |
| Extent | xiii, 303 p. : |
| Other physical details | ill. ; |
| Dimensions | 24 cm. |
| 650 ## - SUBJECT ADDED ENTRY--TOPICAL TERM | |
| Topical term or geographic name entry element | Fibrous composites |
| General subdivision | Impact testing. |
| Withdrawn status | Lost status | Damaged status | Not for loan | Permanent Location | Current Location | Shelving location | Date acquired | Total Checkouts | Total Renewals | Full call number | Barcode | Checked out | Date last seen | Date last checked out | Price effective from | Koha item type |
|---|---|---|---|---|---|---|---|---|---|---|---|---|---|---|---|---|
| School of Civil and Environmental Engineering (SCEE) | School of Civil and Environmental Engineering (SCEE) | 1 | 1 | 620.1185 REI | NIT-673 | 02/16/2024 | 10/22/2019 | 10/22/2019 | 01/05/2017 | Book |
